Postupy Sociálnej poisťovne voči zamestnávateľom - neplatičom
Povinnosť zamestnanca a zamestnávateľa platiť poistné na jednotlivé druhy sociálneho poistenia. Zákon č. 461/2003 Z. z. o sociálnom poistení. Dôsledky nesplnenia povinnosti zamestnávateľa odvádzať poistné a príspevky. Vymáhanie pohľadávok v Sociálnej poisťovni. Príklady.
Guardado en:
| Autor principal: | |
|---|---|
| Otros Autores: | |
| Formato: | Capítulo de libro |
| Lenguaje: | eslovaco |
| Materias: | |
| Etiquetas: |
Sin Etiquetas, Sea el primero en etiquetar este registro!
|
MARC
| LEADER | 00000nla$a2200000$$$4500 | ||
|---|---|---|---|
| 001 | 0146890 | ||
| 005 | 20220729105212.7 | ||
| 041 | 0 | |a slo | |
| 044 | |a SK | ||
| 245 | 1 | 0 | |a Postupy Sociálnej poisťovne voči zamestnávateľom - neplatičom |c Jana Karnetová, Katarína Chynoradská |
| 520 | |a Povinnosť zamestnanca a zamestnávateľa platiť poistné na jednotlivé druhy sociálneho poistenia. Zákon č. 461/2003 Z. z. o sociálnom poistení. Dôsledky nesplnenia povinnosti zamestnávateľa odvádzať poistné a príspevky. Vymáhanie pohľadávok v Sociálnej poisťovni. Príklady. | ||
| 610 | 2 | 0 | |a poistenie sociálne |
| 610 | 2 | 0 | |a poisťovne sociálne |
| 610 | 2 | 0 | |a druhy poistenia |
| 610 | 2 | 0 | |a čiastka poistná |
| 610 | 2 | 0 | |a zamestnanci |
| 610 | 2 | 0 | |a zamestnávatelia |
| 610 | 2 | 0 | |a vymáhanie pohľadávok |
| 610 | 2 | 0 | |a exekúcia |
| 610 | 2 | 0 | |a zákony |
| 100 | 1 | |a Karnetová, Jana | |
| 700 | 1 | |a Chynoradská, Katarína | |